Macroeconomía (Registro nro. 7743)

Detalles MARC
000 -Cabecera
Campo de control de longitud fija 01384ntm a22005297a 4500
005 - Fecha y hora de la última transacción
Campo de control 20250819111717.0
008 - Elementos de longitud fija--Información general
Campo de control de longitud fija 160301b2012 xxu||||| |||| 00| | spa d
020 ## - International Standard Book Number
Número Internacional Estándar del Libro (ISBN) 9788083227886
041 ## - Idioma
Código de idioma Español
082 ## - Clasificación Decimal Dewey
Número de clasificación 339 B639m5
100 ## - Entrada principal--Autor personal
Nombre personal Blanchard, Olivier
9 (RLIN) 5989
100 ## - Entrada principal--Autor personal
Nombre personal Amighini, Alessia
9 (RLIN) 5990
100 ## - Entrada principal--Autor personal
Nombre personal Giavazzi, Francesco
9 (RLIN) 5991
245 ## - Título propiamente dicho
Título Macroeconomía
250 ## - Edición
Mención de edición 5 edición
260 ## - Pie de imprenta
Lugar de publicación, distribución, etc. España
260 ## - Pie de imprenta
Nombre del editor, distribuidor, etc. Pearson Educación
260 ## - Pie de imprenta
Fecha de publicación, distribución, etc. 2012
300 ## - Descripción física
Extensión 656 páginas
490 ## - Serie
Título de la Serie Dirección y Administración de Empresas
650 ## - Materia general
Temática (materia general) MACROECONOMÍA
650 ## - Materia general
Temática (materia general) MERCADOS DE BIENES
650 ## - Materia general
Temática (materia general) P.I.B.
650 ## - Materia general
Temática (materia general) MERCADOS FINANCIEROS
650 ## - Materia general
Temática (materia general) TIPO DE INTERÉS
650 ## - Materia general
Temática (materia general) BIENES FINANCIEROS
650 ## - Materia general
Temática (materia general) MODELO IS-IM
650 ## - Materia general
Temática (materia general) MERCADOS DE TRABAJO
650 ## - Materia general
Temática (materia general) MODELO OA-DA
650 ## - Materia general
Temática (materia general) CURVA DE PHILLIPS
650 ## - Materia general
Temática (materia general) INFLACIÓN
650 ## - Materia general
Temática (materia general) AHORRO
650 ## - Materia general
Temática (materia general) PRODUCCIÓN
650 ## - Materia general
Temática (materia general) PROGRESO TECNOLÓGICO
650 ## - Materia general
Temática (materia general) MERCADOS FINANCIEROS
650 ## - Materia general
Temática (materia general) EXPECTATIVAS FINANCIERAS
650 ## - Materia general
Temática (materia general) ECONOMÍA ABIERTA
650 ## - Materia general
Temática (materia general) DECISIONES POLÍTICAS
650 ## - Materia general
Temática (materia general) TIPOS DE CAMBIO
650 ## - Materia general
Temática (materia general) CRISIS 2007-2010
650 ## - Materia general
Temática (materia general) DEUDAS
650 ## - Materia general
Temática (materia general) POLÍTICA MONETARIA
650 ## - Materia general
Temática (materia general) POLÍTICA FISCAL
650 ## - Materia general
Temática (materia general) EL EURO
650 ## - Materia general
Temática (materia general) SISTEMA EUROPEO
942 ## - Punto de acceso adicional KOHA
Tipo de ítem KOHA Libro
Fuente del sistema de clasificación o colocación Dewey Decimal Classification
Existencias
Signatura completa Código de barras Programa Académico Tipo de ítem
339 B639m5 20552 Dirección y Administración de Empresas Libro